| 000 | 01008nam a22002417a 4500 | ||
|---|---|---|---|
| 999 |
_c5717 _d5717 |
||
| 003 | AR-CdUCM | ||
| 008 | 190313b ||||| |||| 00| 0 spa d | ||
| 040 |
_aMUNICIPALIDAD PROVINCIAL DEL CUSCO _cBIBLIOTECA MUNICIPAL DEL CUSCO |
||
| 082 |
_a869.56 / _bN56 |
||
| 100 |
_aNieto, Luis _911864 |
||
| 245 | _aAntología Mínima / | ||
| 260 |
_aCusco : _bBartolome de las Casas, _c2010. |
||
| 300 |
_a100 paginas ; _c24cm. _e1 CD, |
||
| 500 | _aUniversidad Andina del Cusco Esta Antología mínima, que la Universidad Andina del Cusco publica cuando se celebra el centenario del nacimiento del poeta, pone pues al alcance de las nuevas generaciones de lectores los poemas más celebres del autor de Charango. | ||
| 505 | _aContenido: Cantos de amor -- Cantos de Batalla -- Cantos al terruño. | ||
| 650 |
_aPoesias _95433 |
||
| 650 |
_aPerú _935 |
||
| 650 |
_aLiteratura _983 |
||
| 700 |
_aCharca Puente de la Vega, Gloria _917026 |
||
| 856 | _fwww.uandina.edu.pe | ||
| 942 |
_2ddc _cLIBROS |
||
| 945 | _apjha | ||